000 00764nam a2200241 a 4500
999 _c12211
_d12211
001 12211
003 BD-JhCC
005 20210323133200.0
008 210225b20022010bg a|||| ||a| 000 0 mul d
020 _a9789848812648
035 _a(BD-JhCC)12211
040 _aBD-JhCC
_dBD-JhCC
041 _amul
082 _a005.4469
_bSAR 2010
100 _aসরকার,সুহৃদ
245 _aরেডহ্যাট / ফিডোরা লিনাক্স /
_cসুহৃদ সরকার ।
260 _aঢাকা:
_bজ্ঞানকোষ প্রকাশনী;
_c২০১০.
300 _a715 p. :
_bill;
_c22 cm.
650 _a Linux (Computer file)
650 _aOperating systems (Computers)
942 _2ddc
_cBK